00721nam a22002057a 4500999001900000005001700019010001300036020002600049035001300075037001500088082000800103245005800111260004000169270005000209300002800259490002800287700002100315942002200336952015700358 c168255d16825520191001122335.0 aB-730465 a9789384401153c160.00 aB-730465 aDPLbPancy a920 aKarl Marx : a biography /bedited by Kaushal K. Goyal aNew DelhibPigeon Books Indiac2018 a16, Ansari Road,Daryaganj,bNew Delhie110002 a163p.b20cm.(pbk)cill. aPigeon Biography Series dGoyal,Kaushal K. 2ddccCHh920mKAR 001040708NFICaAVbAVd2019-10-01eGift/ Eng /26.09.2019g160.00l5m3o920 KARpB-730465r2026-06-23 13:21:56s2026-06-09t1v160.00w2019-10-01yCH